000 nam a22 a 4500
999 _c483387
_d483387
003 BLK
005 20221201161734.0
008 221201b bu |||||r|||| 00| | bu d
040 _aBLK
041 _aBUL
_cBUL
080 _aКомунистически партии. Вж и 327.323
_b329.15
_x(497.2)(092)
_z329.15(497.2)(092)
080 _aБълг. комунист
_b929 Милев, Йордан
_z929 Милев, Йордан
139 _aСтолетникът
245 _aСтолетникът
_bДокум. публицист. кн. за Йордан Милев - най-стария комунист на планетата
_cсъстав. и ред. Радко Трифонов
260 _9210729
_aСофия
_bПрофиздат
_c1980
_n954-05-
300 _a232 с.
_b8 л. ил., факс.
_c22см
380 _a3
650 0 _9242529
_aБКП - дейци
653 7 _9182091
_aБКП
653 7 _9188984
_aкомунисти
700 _91529
_aТрифонов, Радко
_eсъстав. и ред.
852 _aЦб 102338
_bЦб
856 _i0.00
_ldisable
942 _cKNG
_n0
_s1
944 _aCR
_c2022-12-01
_kХристина Везирева
999 _d483387